Aplikácia projektového manažmentu v podmienkach vybranej organizácie

Na minha lista:
Detalhes bibliográficos
Autor principal: Žideková, Zuzana
Formato: Livro
Idioma:eslovaco
Publicado em: Bratislava STU FCHPT 2006
Acesso em linha:View in OPAC
Tags: Adicionar Tag
Sem tags, seja o primeiro a adicionar uma tag!

MARC

LEADER 00000nam a2200000 a 4500
005 20260127133930.0
008 060607 2006 xo 000 0 slo d
035 |a vtls008774605 
039 9 |y 200606201034  |z mschk03 
040 |a STUSCHK1  |b slo  |c STUSCHK1  |e AACR2 
100 1 |a Žideková, Zuzana 
245 1 |a Aplikácia projektového manažmentu v podmienkach vybranej organizácie 
260 |a Bratislava  |b STU FCHPT  |c 2006 
300 |a 67 s.  |b tab.,lit. + CD-ROM 
500 |a Obháj.: 5.6. 2006 
500 |a Špec.: Manažment chemických a potravinárskych podnikov 
500 |a Oddelenie manažmentu 
910 |a SCHK95 
999 |c 326  |d 326